[Event "4NCL Division 3 North"]
[Site "Bolton, ENG"]
[Date "2022.02.12"]
[Round "3.11"]
[White "Surtees, Mike J"]
[Black "Rawlinson, Aidan M"]
[Result "1-0"]
[WhiteElo "2140"]
[BlackElo "2233"]
[PlyCount "127"]
[EventDate "2022.02.12"]
[WhiteTeam "Bolton"]
[BlackTeam "Manchester Manticores 2"]

1. e4 g6 2. d4 Bg7 3. c3 d6 4. Bg5 h6 5. Be3 Nd7 6. Na3 e5 7. d5 Ne7 8. f3 f5
9. Bd3 Nf6 10. h3 c6 11. dxc6 bxc6 12. Ne2 Be6 13. O-O O-O 14. Qc2 Qc7 15. c4
Qd7 16. Kh2 fxe4 17. fxe4 c5 18. Nc3 Nc6 19. Nd5 Nh5 20. Be2 Nf4 21. Rf3 Rf7
22. Nb5 Bxd5 23. exd5 Nb4 24. Qd2 g5 25. Nc3 Qf5 26. Bxf4 exf4 27. a3 Na6 28.
Rff1 Re7 29. Bg4 Qg6 30. Rae1 Be5 31. Kh1 h5 32. Be6+ Kg7 33. Nb5 Nc7 34. Nxc7
Rxc7 35. Re2 Re7 36. b4 Bd4 37. b5 Rf8 38. Qc2 Qxc2 39. Rxc2 Kf6 40. g3 Ke5 41.
Kg2 Be3 42. g4 hxg4 43. Bxg4 Ke4 44. Be2 Ref7 45. Rf3 g4 46. hxg4 Rh8 47. Rc3
Rfh7 48. Bd3+ Kd4 49. Bxh7 Kxc3 50. Rh3 Rf8 51. Be4 Kxc4 52. Rh7 Kxb5 53. Rxa7
c4 54. Rb7+ Kc5 55. Kf3 Ra8 56. g5 Rxa3 57. g6 Ra1 58. g7 Rg1 59. Bh7 Kxd5 60.
g8=Q+ Rxg8 61. Bxg8+ Kc6 62. Rb8 d5 63. Rd8 c3 64. Rc8+ 1-0

[Event "4NCL Division 3 North"]
[Site "Bolton, ENG"]
[Date "2022.02.12"]
[Round "3.12"]
[White "Geue, Niklas"]
[Black "Sakic, Lorand"]
[Result "1-0"]
[WhiteElo "2119"]
[BlackElo "1996"]
[PlyCount "41"]
[EventDate "2022.02.12"]
[WhiteTeam "Manchester Manticores 2"]
[BlackTeam "Bolton"]

1. d4 Nf6 2. c4 d5 3. cxd5 Nxd5 4. e4 Nb6 5. Nc3 g6 6. h3 Bg7 7. Nf3 O-O 8. Be3
c6 9. Bd3 Be6 10. Qe2 f6 11. O-O N8d7 12. Rfd1 Qe8 13. Rac1 Qf7 14. Bc2 Kh8 15.
b3 g5 16. d5 cxd5 17. exd5 Qh5 18. Bf5 Rac8 19. Bxb6 Nxb6 20. Nd4 Qh4 21. Qg4
1-0

[Event "4NCL Division 3 North"]
[Site "Bolton, ENG"]
[Date "2022.02.12"]
[Round "3.13"]
[White "Scoular, Adam"]
[Black "Trueman, Glenn"]
[Result "1/2-1/2"]
[WhiteElo "1879"]
[BlackElo "1923"]
[PlyCount "107"]
[EventDate "2022.02.12"]
[WhiteTeam "Bolton"]
[BlackTeam "Manchester Manticores 2"]

1. e4 c5 2. Nc3 Nc6 3. Bb5 g6 4. Bxc6 bxc6 5. d4 Bg7 6. d5 Bb7 7. Nge2 d6 8.
O-O Nf6 9. Rb1 O-O 10. b4 cxb4 11. Rxb4 Qc8 12. Rc4 c5 13. Ra4 Ba6 14. Bg5 Re8
15. Bxf6 Bxf6 16. Ra3 Rb8 17. f4 Bxe2 18. Qxe2 c4 19. Qe3 Bxc3 20. Rxc3 Qc7 21.
f5 Rbc8 22. Qh6 Qc5+ 23. Kh1 Qd4 24. fxg6 hxg6 25. Rcf3 Rf8 26. Rh3 Qg7 27. Qg5
Rc7 28. Rg3 Rb8 29. Rgf3 Rb2 30. h4 f6 31. Qg4 Rxc2 32. Rg3 Kh7 33. h5 g5 34.
e5 Rxa2 35. h6 Qg6 36. exd6 exd6 37. Qe6 Qf7 38. Rxf6 Qxe6 39. dxe6 Rb2 40.
Rf7+ Rxf7 41. exf7 Rb8 42. Rxg5 Rf8 43. Rd5 Rxf7 44. Rxd6 Rc7 45. Rd1 Kxh6 46.
Kg1 Kg5 47. Kf2 Kf4 48. Ke2 Kg3 49. Kd2 Kxg2 50. Kc3 Kf3 51. Rd4 Ke3 52. Rxc4
Rb7 53. Rb4 Rd7 54. Kb3 1/2-1/2

[Event "4NCL Division 3 North"]
[Site "Bolton, ENG"]
[Date "2022.02.12"]
[Round "3.14"]
[White "Hymer, Barry"]
[Black "Doherty, Paul"]
[Result "1-0"]
[WhiteElo "1951"]
[BlackElo "1753"]
[PlyCount "81"]
[EventDate "2022.02.12"]
[WhiteTeam "Manchester Manticores 2"]
[BlackTeam "Bolton"]

1. d4 f5 2. Nc3 d5 3. Bf4 c6 4. e3 e6 5. g4 Nf6 6. gxf5 exf5 7. Qf3 Bb4 8. Bd3
Ne4 9. Bxe4 dxe4 10. Qg3 Nd7 11. Qxg7 Qf6 12. Qxf6 Nxf6 13. Be5 Kf7 14. Nh3 Rg8
15. O-O-O Bxc3 16. bxc3 Nd5 17. Kb2 b5 18. Nf4 Nxf4 19. Bxf4 Be6 20. Rhg1 Rxg1
21. Rxg1 Rg8 22. Ra1 Ra8 23. a4 Ke7 24. axb5 cxb5 25. Ra6 Bf7 26. Ka3 Bc4 27.
Kb4 h5 28. h4 Kd7 29. d5 Kc8 30. Rc6+ Kb7 31. Rc7+ Kb6 32. d6 a5+ 33. Ka3 Rd8
34. Rh7 Be2 35. Rf7 Bg4 36. Rc7 Be2 37. Be5 Ka6 38. Bd4 b4+ 39. Ka4 Bb5+ 40.
Kb3 Rd7 41. c4 1-0

[Event "4NCL Division 3 North"]
[Site "Bolton, ENG"]
[Date "2022.02.12"]
[Round "3.15"]
[White "Nagy, Viktor"]
[Black "Hutchinson, Joel"]
[Result "1/2-1/2"]
[WhiteElo "1720"]
[BlackElo "1870"]
[PlyCount "49"]
[EventDate "2022.02.12"]
[WhiteTeam "Bolton"]
[BlackTeam "Manchester Manticores 2"]

1. Nf3 c5 2. c4 Nf6 3. b3 e6 4. e3 Be7 5. Be2 O-O 6. O-O Nc6 7. Bb2 b6 8. d4
cxd4 9. exd4 d5 10. Nbd2 Bb7 11. Ne5 dxc4 12. Ndxc4 Nb4 13. a3 Nbd5 14. Bf3 Rc8
15. Bc1 Rc7 16. Qd2 Qb8 17. Qg5 Rfc8 18. Re1 b5 19. Na5 Ne4 20. Qh5 Ndf6 21.
Qxf7+ Kh8 22. Qxe6 Bd5 23. Nf7+ Kg8 24. Nh6+ Kh8 25. Nf7+ 1/2-1/2

[Event "4NCL Division 3 North"]
[Site "Bolton, ENG"]
[Date "2022.02.12"]
[Round "3.16"]
[White "Lonsdale, Jon I"]
[Black "Busznyak, Arpad"]
[Result "1/2-1/2"]
[WhiteElo "1900"]
[BlackElo "1480"]
[PlyCount "87"]
[EventDate "2022.02.12"]
[WhiteTeam "Manchester Manticores 2"]
[BlackTeam "Bolton"]

1. e4 e5 2. Nf3 d6 3. d4 exd4 4. Nxd4 Nf6 5. Nc3 Bd7 6. Bf4 Be7 7. Qd2 Nc6 8.
Be2 a6 9. f3 Nxd4 10. Qxd4 Be6 11. Rd1 Qd7 12. O-O Qc6 13. Nd5 Bxd5 14. exd5
Qd7 15. Bd3 O-O 16. Rfe1 Nh5 17. Qe4 g6 18. Qxe7 Qxe7 19. Rxe7 Nxf4 20. Rxc7
Rab8 21. Bf1 Rfe8 22. g3 Nh5 23. Rd7 Red8 24. Rxd8+ Rxd8 25. c4 Kf8 26. Re1 Nf6
27. Kf2 Nd7 28. b3 a5 29. Ke3 Re8+ 30. Kd2 Rxe1 31. Kxe1 Ke7 32. Kd2 Kf6 33.
Ke3 Ne5 34. h3 g5 35. a3 b6 36. f4 gxf4+ 37. gxf4 Nd7 38. b4 h6 39. Be2 Kg6 40.
Bg4 f5 41. Bf3 Nb8 42. Be2 axb4 43. axb4 Na6 44. b5 1/2-1/2

[Event "4NCL Division 3 North"]
[Site "Bolton, ENG"]
[Date "2022.02.12"]
[Round "3.21"]
[White "Colledge, Dave"]
[Black "Gardiner, Eric D"]
[Result "0-1"]
[WhiteElo "1799"]
[BlackElo "2049"]
[PlyCount "106"]
[EventDate "2022.02.12"]
[WhiteTeam "Bradford DCA Knights B"]
[BlackTeam "Hull & East Riding Tigers"]

1. d4 d5 2. c4 dxc4 3. Nc3 a6 4. a4 e5 5. e3 exd4 6. exd4 Nc6 7. Nf3 Na5 8. Ne5
Nf6 9. Nxc4 Bb4 10. Nxa5 Bxa5 11. Be3 Be6 12. Be2 Nd5 13. Bd2 O-O 14. Nxd5
Bxd2+ 15. Qxd2 Bxd5 16. O-O Qd6 17. Qc3 Rfe8 18. Bc4 Bxc4 19. Qxc4 Re4 20. Rac1
c6 21. Rcd1 Rd8 22. Rfe1 Rxe1+ 23. Rxe1 g6 24. Qc3 Qxd4 25. Qxd4 Rxd4 26. b3
Rd3 27. Rb1 Kg7 28. Kf1 Rd2 29. Ke1 Rc2 30. Rd1 Rb2 31. Rd3 Kf6 32. Re3 h5 33.
h3 h4 34. g3 hxg3 35. fxg3 b5 36. axb5 cxb5 37. Kd1 Kf5 38. Kc1 Rg2 39. Kd1 Kg5
40. Ke1 Rh2 41. h4+ Kg4 42. Kf1 Rb2 43. Rd3 a5 44. Re3 f5 45. Rd3 b4 46. Ke1
Rc2 47. Rd6 Kxg3 48. Rxg6+ Kxh4 49. Rd6 Kg5 50. Rd5 Rc3 51. Rxa5 Rxb3 52. Kf2
Rb2+ 53. Ke1 Kf4 0-1

[Event "4NCL Division 3 North"]
[Site "Bolton, ENG"]
[Date "2022.02.12"]
[Round "3.22"]
[White "Ciuravin, Andrei"]
[Black "Dean, Robert A"]
[Result "1-0"]
[WhiteElo "2063"]
[BlackElo "1723"]
[PlyCount "77"]
[EventDate "2022.02.12"]
[WhiteTeam "Hull & East Riding Tigers"]
[BlackTeam "Bradford DCA Knights B"]

1. d4 d5 2. c4 c6 3. Nf3 Nf6 4. Nbd2 e6 5. g3 Nbd7 6. Bg2 Bd6 7. O-O O-O 8. Qc2
Re8 9. e4 dxe4 10. Nxe4 Nxe4 11. Qxe4 e5 12. Qc2 exd4 13. Nxd4 Ne5 14. Bf4 Ng6
15. Be3 Qf6 16. c5 Bc7 17. Rfe1 Bg4 18. h3 Bd7 19. Rad1 Rad8 20. Qb3 b6 21. Nf3
Be6 22. Rxd8 Rxd8 23. Qa3 Ne5 24. Nxe5 Bxe5 25. Qxa7 bxc5 26. Qxc5 Bd5 27. b3
h6 28. Rd1 Ra8 29. Bxd5 cxd5 30. Qxd5 Rxa2 31. Qd8+ Kh7 32. Qxf6 Bxf6 33. Rb1
Ra5 34. Kg2 Kg6 35. g4 Be7 36. Kf3 f5 37. Ke2 Rb5 38. Kd3 fxg4 39. Kc4 1-0

[Event "4NCL Division 3 North"]
[Site "Bolton, ENG"]
[Date "2022.02.12"]
[Round "3.23"]
[White "Winter, Kevin"]
[Black "Collinson, Mark I"]
[Result "1/2-1/2"]
[WhiteElo "1695"]
[BlackElo "2032"]
[PlyCount "57"]
[EventDate "2022.02.12"]
[WhiteTeam "Bradford DCA Knights B"]
[BlackTeam "Hull & East Riding Tigers"]

1. d4 Nf6 2. Nc3 d5 3. Bf4 c5 4. e3 g6 5. Be2 Bg7 6. h4 h5 7. Nf3 O-O 8. Nb5
Na6 9. a4 Bd7 10. c3 Ne4 11. O-O c4 12. Ne5 Bxb5 13. axb5 Nc7 14. b6 axb6 15.
Rxa8 Nxa8 16. Qa4 Nd6 17. Ra1 b5 18. Qd1 Nb6 19. Qc2 Nd7 20. Nxd7 Qxd7 21. Bf3
e6 22. Ra7 b4 23. Bxd6 Qxd6 24. cxb4 Qxb4 25. Qc3 Qxc3 26. bxc3 Rb8 27. e4 b5
28. exd5 exd5 29. Bxd5 1/2-1/2

[Event "4NCL Division 3 North"]
[Site "Bolton, ENG"]
[Date "2022.02.12"]
[Round "3.24"]
[White "Vleeshhouwer, Douglas"]
[Black "Clarke, Paul R H"]
[Result "1/2-1/2"]
[WhiteElo "2100"]
[BlackElo "1682"]
[PlyCount "115"]
[EventDate "2022.02.12"]
[WhiteTeam "Hull & East Riding Tigers"]
[BlackTeam "Bradford DCA Knights B"]

1. b3 d5 2. Bb2 Bf5 3. e3 e6 4. h3 Nf6 5. d4 Nbd7 6. Bd3 Bg6 7. Nf3 Bb4+ 8. c3
Bxd3 9. Qxd3 Bd6 10. c4 Bb4+ 11. Nbd2 Ne4 12. a3 Bxd2+ 13. Nxd2 Nxd2 14. Qxd2
O-O 15. O-O Nf6 16. f3 dxc4 17. bxc4 c5 18. a4 cxd4 19. exd4 Qc7 20. Rac1 Rfd8
21. Rfd1 Rd7 22. d5 Rad8 23. Bxf6 gxf6 24. Qd4 exd5 25. cxd5 Qb6 26. Rb1 Qxd4+
27. Rxd4 Rxd5 28. Rxd5 Rxd5 29. Rxb7 Ra5 30. Rb8+ Kg7 31. Rb4 Rc5 32. Kh2 f5
33. Kg3 Kf6 34. Kf4 Rc2 35. g4 fxg4 36. fxg4 Kg6 37. Rd4 Rc6 38. h4 Re6 39. a5
Rc6 40. h5+ Kg7 41. Rd5 h6 42. Ke4 Rc4+ 43. Kf5 Rc6 44. Re5 Rc4 45. Rd5 Rc6 46.
Rb5 a6 47. Rd5 Re6 48. g5 hxg5 49. Kxg5 f6+ 50. Kf5 Rc6 51. Ke4 Kh6 52. Kd4 Rc1
53. Rf5 Kg7 54. Kd5 Rc2 55. Ke6 Re2+ 56. Kd6 Rc2 57. Rf3 Ra2 58. Rf5 1/2-1/2

[Event "4NCL Division 3 North"]
[Site "Bolton, ENG"]
[Date "2022.02.12"]
[Round "3.25"]
[White "Grobler, David"]
[Black "Thompson, Keith"]
[Result "0-1"]
[WhiteElo "1658"]
[BlackElo "1944"]
[PlyCount "78"]
[EventDate "2022.02.12"]
[WhiteTeam "Bradford DCA Knights B"]
[BlackTeam "Hull & East Riding Tigers"]

1. e4 e6 2. d4 d5 3. e5 c5 4. c3 Qb6 5. Nf3 Nc6 6. a3 Nh6 7. b4 cxd4 8. cxd4
Nf5 9. Bb2 Bd7 10. g4 Nfe7 11. Nc3 Ng6 12. Na4 Qd8 13. Rc1 Be7 14. Nc5 Bxc5 15.
dxc5 Nh4 16. b5 Nxf3+ 17. Qxf3 Ne7 18. h4 Qa5+ 19. Qc3 Qa4 20. Qb4 Qxb4+ 21.
axb4 O-O 22. h5 a6 23. bxa6 bxa6 24. Ra1 Rfb8 25. Bc3 Nc6 26. Rxa6 Rxa6 27.
Bxa6 Nxb4 28. Be2 Na6 29. Bxa6 Rb1+ 30. Kd2 Rxh1 31. Bb7 Rg1 32. f3 Rf1 33. Ke2
Bb5+ 34. Ke3 Rd1 35. Bb2 Rd3+ 36. Kf4 Rd2 37. Bc3 Rc2 38. Bd4 h6 39. Ke3 Kf8
0-1

[Event "4NCL Division 3 North"]
[Site "Bolton, ENG"]
[Date "2022.02.12"]
[Round "3.26"]
[White "Varley, Joe"]
[Black "Connor, Michael I"]
[Result "1-0"]
[WhiteElo "1969"]
[BlackElo "1588"]
[PlyCount "57"]
[EventDate "2022.02.12"]
[WhiteTeam "Hull & East Riding Tigers"]
[BlackTeam "Bradford DCA Knights B"]

1. e4 Nf6 2. e5 Nd5 3. d4 d6 4. Nf3 g6 5. Bd3 Bg7 6. O-O O-O 7. Re1 Nc6 8. h3
Re8 9. Bf1 Bf5 10. g4 Bd7 11. c4 Nb6 12. Nc3 h6 13. Bf4 dxe5 14. Nxe5 Nxe5 15.
Bxe5 f6 16. Bg3 e6 17. Qb3 Kh7 18. c5 Nc8 19. Qxb7 Ne7 20. Bxc7 Qc8 21. Bg2
Qxb7 22. Bxb7 Rab8 23. Bxb8 Rxb8 24. Bf3 Rxb2 25. Rab1 Rxb1 26. Rxb1 Bc6 27.
Bxc6 Nxc6 28. d5 exd5 29. Nxd5 1-0

[Event "4NCL Division 3 North"]
[Site "Bolton, ENG"]
[Date "2022.02.12"]
[Round "3.31"]
[White "Mitchell, Martin"]
[Black "Bak, Christopher"]
[Result "1-0"]
[WhiteElo "2186"]
[BlackElo "2017"]
[PlyCount "67"]
[EventDate "2022.02.12"]
[WhiteTeam "Spirit of Atticus"]
[BlackTeam "Bradford DCA Knights A"]

1. d4 Nf6 2. c4 e6 3. Nc3 c5 4. d5 exd5 5. cxd5 d6 6. Nf3 g6 7. Nd2 Bg7 8. e4
O-O 9. Be2 Re8 10. O-O a6 11. a4 Nbd7 12. Qc2 Ne5 13. h3 g5 14. Nf3 Nxf3+ 15.
Bxf3 Nd7 16. a5 Ne5 17. Be2 Ng6 18. Bd2 Be5 19. Bg4 Qf6 20. Nd1 Kg7 21. Bxc8
Raxc8 22. Ne3 h5 23. Nf5+ Kh7 24. Qd1 g4 25. hxg4 Ne7 26. g5 Qg6 27. Qf3 f6 28.
Nh4 Qf7 29. g6+ Nxg6 30. Qxh5+ Kg7 31. Bh6+ Kg8 32. Nxg6 Bxb2 33. Bc1 Qg7 34.
Bxb2 1-0

[Event "4NCL Division 3 North"]
[Site "Bolton, ENG"]
[Date "2022.02.12"]
[Round "3.32"]
[White "Bak, Andrew"]
[Black "Crocker, Philip J"]
[Result "0-1"]
[WhiteElo "1970"]
[BlackElo "2093"]
[PlyCount "72"]
[EventDate "2022.02.12"]
[WhiteTeam "Bradford DCA Knights A"]
[BlackTeam "Spirit of Atticus"]

1. e4 d6 2. Nc3 g6 3. f4 Bg7 4. Nf3 c5 5. Bc4 Nc6 6. O-O e6 7. a4 Nge7 8. Qe1
O-O 9. Bb3 Bd7 10. d3 Nd4 11. Nxd4 cxd4 12. Ne2 Rc8 13. Qb4 Qc7 14. e5 Qc5 15.
Qxd4 dxe5 16. Qxc5 Rxc5 17. Be3 Rcc8 18. Bxa7 exf4 19. c3 g5 20. h4 h6 21. hxg5
hxg5 22. g3 e5 23. d4 Bg4 24. Rae1 Nf5 25. dxe5 Bxe2 26. Rxe2 Nxg3 27. Rg2 Bxe5
28. Rxg3 fxg3 29. Rf5 Bf4 30. Kg2 Rc7 31. Bd4 Re8 32. Bd1 Re6 33. Rd5 Rd6 34.
Ra5 Rc8 35. Bf3 Rxd4 36. cxd4 Rc2+ 0-1

[Event "4NCL Division 3 North"]
[Site "Bolton, ENG"]
[Date "2022.02.12"]
[Round "3.33"]
[White "Ackley, Peter J E"]
[Black "Wedge, David C"]
[Result "1-0"]
[WhiteElo "1996"]
[BlackElo "1918"]
[PlyCount "103"]
[EventDate "2022.02.12"]
[WhiteTeam "Spirit of Atticus"]
[BlackTeam "Bradford DCA Knights A"]

1. g3 Nf6 2. Bg2 d5 3. d3 Nc6 4. a3 a5 5. b3 e5 6. e3 Bc5 7. Ne2 O-O 8. Bb2 Be6
9. Nd2 Qd7 10. h3 Rad8 11. Nf3 e4 12. Ned4 Nxd4 13. Nxd4 Bb6 14. Nxe6 Qxe6 15.
dxe4 Nxe4 16. O-O Nxf2 17. Rxf2 Qxe3 18. Qf3 Qxf2+ 19. Qxf2 Bxf2+ 20. Kxf2 Rfe8
21. Rd1 c6 22. Bd4 Rd6 23. Re1 Rde6 24. Re3 Rxe3 25. Bxe3 f6 26. Bb6 Ra8 27. a4
Kf7 28. Bf1 Ke6 29. Bd3 h6 30. Kf3 Kd6 31. Be3 c5 32. Kg4 b6 33. Kf5 Ra7 34.
Bf4+ Ke7 35. Kg6 Kd8 36. Bd6 Kd7 37. Bf8 Rc7 38. Bxg7 c4 39. Bf5+ Kd6 40. Bxf6
cxb3 41. cxb3 Kc5 42. Kxh6 Kb4 43. Kg5 Kxb3 44. h4 Kc4 45. h5 d4 46. h6 d3 47.
Bxd3+ Kxd3 48. Kg6 Rc4 49. h7 Rxa4 50. h8=Q Rg4+ 51. Kf5 Rxg3 52. Qd8+ 1-0

[Event "4NCL Division 3 North"]
[Site "Bolton, ENG"]
[Date "2022.02.12"]
[Round "3.34"]
[White "McCarthy, Damian"]
[Black "Latham, David"]
[Result "1/2-1/2"]
[WhiteElo "1862"]
[BlackElo "2085"]
[PlyCount "54"]
[EventDate "2022.02.12"]
[WhiteTeam "Bradford DCA Knights A"]
[BlackTeam "Spirit of Atticus"]

1. d4 Nf6 2. c4 e6 3. Nc3 d5 4. cxd5 exd5 5. Bg5 Be7 6. e3 O-O 7. Bd3 Nbd7 8.
Nge2 c6 9. O-O Re8 10. Qc2 h6 11. Bh4 Ne4 12. Bxe7 Qxe7 13. Rae1 Nxc3 14. Nxc3
Nf8 15. f3 Qd6 16. Qf2 c5 17. Nb5 Qb6 18. dxc5 Qxc5 19. Qc2 Qxc2 20. Bxc2 Rd8
21. Rd1 Be6 22. Bb3 Rac8 23. Rd4 Ng6 24. Rfd1 Ne7 25. Kf2 a6 26. Nc3 Nc6 27.
R4d2 d4 1/2-1/2

[Event "4NCL Division 3 North"]
[Site "Bolton, ENG"]
[Date "2022.02.12"]
[Round "3.35"]
[White "Jackson, Sheila"]
[Black "Johnson, Paul A"]
[Result "1-0"]
[WhiteElo "2095"]
[BlackElo "1836"]
[PlyCount "77"]
[EventDate "2022.02.12"]
[WhiteTeam "Spirit of Atticus"]
[BlackTeam "Bradford DCA Knights A"]

1. e4 e5 2. Nf3 Nc6 3. d4 exd4 4. Nxd4 Nf6 5. Nc3 Bb4 6. Nxc6 bxc6 7. Bd3 d5 8.
exd5 cxd5 9. O-O O-O 10. Bg5 Be7 11. Re1 Be6 12. Qf3 c6 13. h3 Qc7 14. Rad1
Rad8 15. Ne2 Qc8 16. Nd4 Kh8 17. Nxe6 fxe6 18. Qe3 c5 19. Qxe6 Qxe6 20. Rxe6
Rf7 21. Rde1 Bd6 22. b3 Bc7 23. Re7 Rdf8 24. Bxf6 gxf6 25. Bf5 d4 26. Rxf7 Rxf7
27. Re8+ Kg7 28. Be6 Bb6 29. Bxf7 Kxf7 30. Rh8 Kg7 31. Rc8 h6 32. Kf1 Kg6 33.
Ke2 h5 34. Kd3 Kf5 35. Kc4 Kg5 36. Rxc5+ Bxc5 37. Kxc5 f5 38. Kxd4 f4 39. Ke4
1-0

[Event "4NCL Division 3 North"]
[Site "Bolton, ENG"]
[Date "2022.02.12"]
[Round "3.36"]
[White "Patrick, David A"]
[Black "Hulme, David I"]
[Result "1-0"]
[WhiteElo "1813"]
[BlackElo "1866"]
[PlyCount "91"]
[EventDate "2022.02.12"]
[WhiteTeam "Bradford DCA Knights A"]
[BlackTeam "Spirit of Atticus"]

1. e4 e5 2. Nf3 Nc6 3. Bb5 a6 4. Bxc6 dxc6 5. O-O Bg4 6. h3 Bxf3 7. Qxf3 Qf6 8.
Qb3 Rb8 9. d3 Bc5 10. Nc3 Qg6 11. Na4 Ba7 12. Be3 Bxe3 13. fxe3 b6 14. Rf5 Qe6
15. Qxe6+ fxe6 16. Rxe5 Ke7 17. Rg5 g6 18. Rg3 Nh6 19. Rf1 Rhf8 20. Rgf3 Rxf3
21. Rxf3 Rf8 22. Rxf8 Kxf8 23. Kf2 Ke7 24. Kg3 Nf7 25. Nc3 e5 26. d4 Ke6 27.
Ne2 Ng5 28. Nc3 Nf7 29. h4 h6 30. h5 gxh5 31. Kh4 Ke7 32. Kxh5 Kf6 33. Ne2 Kg7
34. Ng3 Kf6 35. Nf5 exd4 36. exd4 Ng5 37. Ng3 Ne6 38. e5+ Kf7 39. Ne2 Kg7 40.
g3 Kh7 41. Kg4 Kg7 42. c3 Kf7 43. Kh5 Kg7 44. Nf4 Ng5 45. g4 Ne4 46. Ne6+ 1-0

[Event "4NCL Division 3 North"]
[Site "Bolton, ENG"]
[Date "2022.02.12"]
[Round "3.41"]
[White "Jones, Neil T"]
[Black "Shaw, Peter"]
[Result "0-1"]
[WhiteElo "1795"]
[BlackElo "2094"]
[PlyCount "68"]
[EventDate "2022.02.12"]
[WhiteTeam "Manchester Manticores 3"]
[BlackTeam "Chessable White Rose 3"]

1. e4 d6 2. d4 Nf6 3. Nc3 c6 4. f4 Qa5 5. Bd3 e5 6. Nf3 exd4 7. Nxd4 g6 8. Qe2
Bg7 9. Bd2 O-O 10. Nf3 Qc7 11. O-O b5 12. a3 Nbd7 13. Qf2 Bb7 14. Qh4 a5 15.
Kh1 b4 16. axb4 axb4 17. Ne2 c5 18. Ng3 c4 19. Be2 c3 20. bxc3 bxc3 21. Be3
Bxe4 22. Nxe4 Nxe4 23. Ng5 Nxg5 24. fxg5 Nc5 25. Bc4 Rxa1 26. Rxa1 Qe7 27. Bxc5
dxc5 28. Re1 Qd6 29. Bd3 Ra8 30. Qe4 Rd8 31. h4 Qd4 32. Re2 Qxe4 33. Bxe4 Be5
34. Kg1 Bg3 0-1

[Event "4NCL Division 3 North"]
[Site "Bolton, ENG"]
[Date "2022.02.12"]
[Round "3.42"]
[White "Edwards-Wright, Miles D"]
[Black "Taylor, Mark"]
[Result "1/2-1/2"]
[WhiteElo "2074"]
[BlackElo "1838"]
[PlyCount "69"]
[EventDate "2022.02.12"]
[WhiteTeam "Chessable White Rose 3"]
[BlackTeam "Manchester Manticores 3"]

1. g3 g6 2. Bg2 Bg7 3. e4 Nc6 4. c4 d6 5. Nc3 Nd4 6. d3 c5 7. h4 h5 8. Bd2 Bd7
9. Rb1 Bc6 10. Nge2 Nf6 11. Nxd4 cxd4 12. Ne2 Nd7 13. b4 b5 14. Qb3 a6 15. O-O
O-O 16. Rfc1 Qb6 17. c5 dxc5 18. bxc5 Qa7 19. Nf4 Ne5 20. Ba5 e6 21. Bh3 Nf3+
22. Kg2 Ne5 23. Ne2 Qd7 24. Nf4 Rae8 25. f3 Kh7 26. Rf1 f5 27. Rf2 Bh6 28. Bd2
Rf7 29. Re1 Qe7 30. exf5 Nxf3 31. fxg6+ Kh8 32. Rxf3 Qb7 33. g7+ Bxg7 34. Re4
Bxe4 35. dxe4 1/2-1/2

[Event "4NCL Division 3 North"]
[Site "Bolton, ENG"]
[Date "2022.02.12"]
[Round "3.43"]
[White "Livesey, R Nigel"]
[Black "Wills, Tom"]
[Result "0-1"]
[WhiteElo "1866"]
[BlackElo "1923"]
[PlyCount "100"]
[EventDate "2022.02.12"]
[WhiteTeam "Manchester Manticores 3"]
[BlackTeam "Chessable White Rose 3"]

1. Nf3 d5 2. b3 Bf5 3. Bb2 e6 4. e3 Nf6 5. d4 Be7 6. Nbd2 h6 7. Ne5 O-O 8. Be2
Nbd7 9. Ndf3 a5 10. a3 Nxe5 11. Nxe5 Ne4 12. O-O Bd6 13. Rc1 Qe7 14. Ra1 c6 15.
Bd3 f6 16. Nf3 Bg4 17. Be2 a4 18. b4 Bc7 19. c4 dxc4 20. Bxc4 Qd6 21. g3 Bxf3
22. Qxf3 Nd2 23. Qe2 Nxf1 24. Rxf1 b5 25. Ba2 f5 26. Qh5 Kh7 27. Qf3 Bd8 28.
Rc1 Rc8 29. d5 exd5 30. Bxd5 Bf6 31. Bxf6 Rxf6 32. Rc5 Rc7 33. Ba2 Qd2 34. Bd5
Rd7 35. Bxc6 Qe1+ 36. Kg2 Rd1 37. Kh3 Qf1+ 38. Qg2 Qd3 39. Bxb5 Qxa3 40. Qf3
Qxb4 41. Rxf5 Qxb5 42. Rxf6 Qf1+ 43. Kh4 gxf6 44. Qxf6 Qc4+ 45. Kh3 Qd5 46. e4
Qd7+ 47. Kg2 a3 48. e5 a2 49. e6 Qd5+ 50. Kh3 a1=Q 0-1

[Event "4NCL Division 3 North"]
[Site "Bolton, ENG"]
[Date "2022.02.12"]
[Round "3.44"]
[White "Slinger, Tony J"]
[Black "Jayawarna, Thisumi"]
[Result "1-0"]
[WhiteElo "1928"]
[BlackElo "1724"]
[PlyCount "127"]
[EventDate "2022.02.12"]
[WhiteTeam "Chessable White Rose 3"]
[BlackTeam "Manchester Manticores 3"]

1. c4 Nf6 2. Nc3 g6 3. e4 d6 4. Nge2 Bg7 5. g3 O-O 6. Bg2 Nc6 7. O-O Bd7 8. d3
Nh5 9. Rb1 e5 10. b4 Kh8 11. b5 Ne7 12. Bg5 Rb8 13. Qd2 f5 14. Nd5 Nf6 15. Nec3
Be6 16. a4 Nexd5 17. Nxd5 Bxd5 18. cxd5 fxe4 19. dxe4 Qd7 20. Rfd1 Rf7 21. h3
Rbf8 22. Be3 b6 23. Rb3 Ne8 24. Qc3 Qe7 25. a5 Bf6 26. Qc1 Qd7 27. Rb2 Bg7 28.
Qc6 Qxc6 29. bxc6 Nf6 30. Ra1 Nxd5 31. exd5 e4 32. Rab1 Bxb2 33. Rxb2 Re7 34.
Ra2 Kg8 35. Bf1 Rf5 36. Bc4 Rf8 37. Ba6 Rf5 38. Kg2 Rf8 39. axb6 axb6 40. Bb5
Ree8 41. Ra7 Rf7 42. Be2 h5 43. g4 Rh7 44. Bd4 Rf8 45. Kf1 Re8 46. Ke1 Rf8 47.
Kd2 Re8 48. Kc3 Rb8 49. Kb4 Rf8 50. Kb5 Rff7 51. gxh5 gxh5 52. Bxb6 cxb6 53.
Rxf7 Kxf7 54. Kxb6 Ke7 55. c7 Rh8 56. Kc6 Rf8 57. Bxh5 Rxf2 58. c8=Q Rc2+ 59.
Kb7 Rxc8 60. Kxc8 Kf6 61. Kd7 Ke5 62. Kc6 e3 63. Be2 Kf4 64. Kxd6 1-0

[Event "4NCL Division 3 North"]
[Site "Bolton, ENG"]
[Date "2022.02.12"]
[Round "3.45"]
[White "Jayawarna, Tarini"]
[Black "Donahue, Randolph E"]
[Result "1/2-1/2"]
[WhiteElo "1676"]
[BlackElo "1805"]
[PlyCount "66"]
[EventDate "2022.02.12"]
[WhiteTeam "Manchester Manticores 3"]
[BlackTeam "Chessable White Rose 3"]

1. e4 e5 2. Nf3 Nf6 3. Nc3 Bb4 4. Bc4 O-O 5. Qe2 d6 6. a3 Bxc3 7. dxc3 Be6 8.
Bg5 Nbd7 9. O-O Qe7 10. Rfd1 Nc5 11. Bd3 h6 12. Bh4 Bg4 13. h3 Bh5 14. c4 g5
15. Bg3 Bg6 16. Nd2 Nh5 17. Bh2 Ne6 18. g3 Nd4 19. Qe3 f5 20. exf5 Bxf5 21. c3
Nc2 22. Bxc2 Bxc2 23. Re1 Qf7 24. Re2 b6 25. b4 Ba4 26. c5 Bd7 27. g4 Nf4 28.
Bxf4 Qxf4 29. cxd6 cxd6 30. Qd3 Rad8 31. Qxd6 Bxg4 32. Qg6+ Kh8 33. Qxh6+ Kg8
1/2-1/2